000 00299nam a22001217a 4500
999 _c219591
_d219591
003 Nust
005 20170214152041.0
008 140408b xxu||||| |||| 00| 0 eng d
020 _cAvailable
_a8178088371
040 _aDLC
_bDLC
_cRCMS
082 _a621.395MAN
_b000003
_23rd ed.
100 _aMano M. Morris
245 _aDigital Design
_c Mano M. Morris
250 _a3rd Ed
260 _a India
_bPearson Education
_cc2002
300 _axii, 516 p. :
_bill. ;
_c26 cm.
650 _a1.Electronic digital computers--Circuits.2.Logic circuits.3.Logic design. 4.Digital integrated circuits
856 _3Table of contents only
_uhttp://www.loc.gov/catdir/toc/ecip0716/2007017469.html
942 _cBK
_2ddc
_k621.395MAN
_m621.395MAN